LEADER 01067nam0-2200325---450- 001 990004081810403321 005 20140120133137.0 010 $a225132867X 035 $a000408181 035 $aFED01000408181 035 $a(Aleph)000408181FED01 035 $a000408181 100 $a19990604d1986----km-y0itay50------ba 101 0 $afre 102 $aFR 105 $abc------001yy 200 1 $aTibère, ou La spirale du pouvoir$ela force irrésistible du despotisme$fLidia Storoni Mazzolani$gtraduit de l'italien par A.E. Margueron$gpréface de Jacques Heurgon 210 $aParis$cLes Belles Lettres$d1986 215 $a366 p., 2 c. di tav.$c1 ritr.$d21 cm 225 1 $aCollection d'études anciennes 610 0 $aTiberio, Claudio Nerone 676 $a937.07$v22 700 1$aStoroni Mazzolani,$bLidia$033024 801 0$aIT$bUNINA$gRICA$2UNIMARC 901 $aBK 912 $a990004081810403321 952 $a937.07 STO 2$bBIBL.3627$fFLFBC 959 $aFLFBC 996 $aTibère, ou La spirale du pouvoir$9479907 997 $aUNINA LEADER 00894nam0-2200289---450- 001 990009301300403321 005 20110309103150.0 035 $a000930130 035 $aFED01000930130 035 $a(Aleph)000930130FED01 035 $a000930130 100 $a20101220d1979----km-y0itay50------ba 101 0 $aita 102 $aIT 105 $a--------001yy 200 1 $aLeonardo da Vinci$edisegni anatomici della Biblioteca Reale di Windsor$eFirenze, Palazzo Vecchio, maggio-settembre 1979 210 $aFirenze$cGiunti-Barbera$d1979 215 $a159 p.$c83 p. di tavole$d24 cm 610 0 $aLonardo da Vinci$aDisegni anatomici$aEsposizioni$aFirenze$a1979 676 $a741.945 801 0$aIT$bUNINA$gRICA$2UNIMARC 901 $aBK 912 $a990009301300403321 952 $a741.945 LEO 8$bBbibl. 59314$fFLFBC 959 $aFLFBC 996 $aLeonardo da Vinci$9116841 997 $aUNINA